|
|
|
|
| LEADER |
01042cam a2200277 7i4500 |
| 001 |
0000023644 |
| 005 |
20091008090000.0 |
| 020 |
0 |
0 |
|a 978-1-58239-056-7
|
| 090 |
0 |
0 |
|a I 621.31042025
|b INT
|
| 245 |
0 |
0 |
|a The International directory of importers worldwide electrical equipment & supplies importing firms :
|b 2009.
|
| 250 |
0 |
0 |
|a 2009 ed.
|
| 260 |
0 |
0 |
|a Poulsbo,WA:
|b Interdata,
|c 2009.
|
| 300 |
# |
# |
|a 434 p.
|
| 650 |
0 |
0 |
|a Electric equipment --
|x Imports --
|x Directories
|
| 651 |
0 |
0 |
|a Asia Pacific
|
| 651 |
0 |
0 |
|a Europe
|
| 651 |
0 |
0 |
|a South America
|
| 651 |
0 |
0 |
|a Central America
|
| 651 |
0 |
0 |
|a Africa
|
| 651 |
0 |
0 |
|a North America
|
| 651 |
0 |
0 |
|a West Asia
|
| 999 |
|
|
|a JHR000166B
|b Directories
|c International
|e MATRADE Southern Regional Office
|
| 999 |
|
|
|a B000025497
|b Directories
|c International
|e Business Information Centre
|
| 999 |
|
|
|a PNG000873B
|b Directories
|c International
|e MATRADE Northern Regional Office
|
| 999 |
|
|
|a SBH000843B
|b Directories
|c International
|e MATRADE Sabah
|
| 999 |
|
|
|a SRW000270B
|b Directories
|c International
|e MATRADE Sarawak
|